1833 1748 1519 1840 1834 1739 1482 1077 1282 1994 1603 1442 1529 1152 1064 1331 1412 1360 1993 1715 1306 1976 1574 1100 1601 1044 1582 1039 1374 1674 1458 1335 1083 1801 1895 1903 1969 1988 1932 1399 1181 1736 1931 1875 1968 1743 1553 1294 1774 1713 1611 1868 1493 1122 1943 1956 1966 1888 1467 1200 1311 1860 1021 1501 1249 1462 1828 1439 1184 1744 1084 1252 1392 1947 1903 1294 1090 1077 1307 1907 1792 1415 1698 1939 1416 1010 1383 1551 1402 1634 1644 1518 1081 1847 1174 1945 1121 1584 1214 BCNSPRNW ULIB Ver.6.0+V

เปลี่ยนเป็นภาษาไทย

Change to English
 แสดงรายละเอียดบรรณานุกรม
  กลับหน้าหลัก

Brief Record : Get Marc (ISO 2709) : E-mail record : QR code < ปิดหน้าต่าง
LEADER : 00000nam 2200000uu 4500
001    13399113550
003     ULIB
008    111125s2553||||th 000 0 tha d
020    ^a9786167123578
090    ^aนว.^bร165ร 2553
100 0  ^aรวิสิตางค์
245 00 ^aแรกรักปักใจ/^cรวิสิตางค์
250    ^aพิมพ์ครั้งที่ 2
260    ^aกรุงเทพฯ :^bGreen Mind,^c2553
300    ^a251 หน้า
710 1  ^aGreen Mind
945    ^p189^l0^i17049
995    ^aกัณชพร
999    ^aใช้งานได้ทุกระบบ
รายการนี้ยังไม่มีแท็ก
คุณยังไม่ได้ล็อกอิน คุณสามารถมีกิจกรรมร่วมกับเว็บไซต์ได้ แต่ต้องล็อกอินก่อน ::
  ล็อกอิน

รายการสื่อสารสนเทศ

ลำดับที่ ประเภท เลขเรียก/บาร์โค้ด สถานที่ สถานะ
1. วิทยาศาสตร์การแพทย์ และสุขภาพ
วิทยาศาสตร์การแพทย์ และสุขภาพ
นว. ร165ร 2553  
  Barcode: 17049
ห้องสมุดวิทยาเขตสวรรค์ประชารักษ์
►นวนิยาย
บนชั้น
  ขอยืม

BibComment


ยังไม่เคยถูกคอมเมนท์

คอมเมนท์ทรัพยากรรายการนี้
  คอมเมนท์: แรกรักปักใจ รวิส..


 Copyright 2026. Bcnsprnw @Library